Trade and aid in South-East Asia.
Saved in:
| Corporate Author: | |
|---|---|
| Format: | Book |
| Language: | Undetermined |
| Published: |
Melbourne
Cheshire
1968
|
| Subjects: | |
| Tags: |
Add Tag
No Tags, Be the first to tag this record!
|
| Institutions: | Trung tâm Học liệu Trường Đại học Cần Thơ |
|---|
| LEADER | 00604nam a2200193Ia 4500 | ||
|---|---|---|---|
| 001 | CTU_91248 | ||
| 008 | 210402s9999 xx 000 0 und d | ||
| 082 | |a 330.959 | ||
| 082 | |b C734 | ||
| 110 | |a Committee for Economic Development of Australia. | ||
| 245 | 0 | |a Trade and aid in South-East Asia. | |
| 260 | |a Melbourne | ||
| 260 | |b Cheshire | ||
| 260 | |c 1968 | ||
| 650 | |a Economic assistance, australian,Asia, southeastern,Commerce | ||
| 650 | |x Economic conditions,Asia, southeastern | ||
| 650 | |z Asia, southeastern | ||
| 904 | |i Năm | ||
| 980 | |a Trung tâm Học liệu Trường Đại học Cần Thơ | ||